| 000 -LEADER |
| fixed length control field |
03033cam a22004574a 4500 |
| 001 - CONTROL NUMBER |
| control field |
15783662 |
| 005 - DATE AND TIME OF LATEST TRANSACTION |
| control field |
20250318130517.0 |
| 008 - FIXED-LENGTH DATA ELEMENTS--GENERAL INFORMATION |
| fixed length control field |
090622s2009 enk b 001 0 eng c |
| 010 ## - LIBRARY OF CONGRESS CONTROL NUMBER |
| LC control number |
2009288182 |
| 015 ## - NATIONAL BIBLIOGRAPHY NUMBER |
| National bibliography number |
GBA8B9169 |
| Source |
bnb |
| 016 7# - NATIONAL BIBLIOGRAPHIC AGENCY CONTROL NUMBER |
| Record control number |
014777753 |
| Source |
Uk |
| 020 ## - INTERNATIONAL STANDARD BOOK NUMBER |
| International Standard Book Number |
9781841138954 (cloth) |
| 020 ## - INTERNATIONAL STANDARD BOOK NUMBER |
| International Standard Book Number |
1841138959 (cloth) |
| 020 ## - INTERNATIONAL STANDARD BOOK NUMBER |
| International Standard Book Number |
1841138967 (pbk.) |
| 020 ## - INTERNATIONAL STANDARD BOOK NUMBER |
| International Standard Book Number |
9781841138961 (pbk.) |
| 035 ## - SYSTEM CONTROL NUMBER |
| System control number |
(OCoLC)ocn262719703 |
| 040 ## - CATALOGING SOURCE |
| Original cataloging agency |
UKM |
| Transcribing agency |
UKM |
| Modifying agency |
BWKUK |
| -- |
BWK |
| -- |
WLL |
| -- |
GWL |
| -- |
LLT |
| -- |
YDXCP |
| -- |
NLGGC |
| -- |
CLU |
| -- |
YLS |
| -- |
DLC |
| 042 ## - AUTHENTICATION CODE |
| Authentication code |
ukscp |
| -- |
pcc |
| 050 00 - LIBRARY OF CONGRESS CALL NUMBER |
| Classification number |
K2229 |
| Item number |
.M85 2009 |
| 082 ## - DEWEY DECIMAL CLASSIFICATION NUMBER |
| Classification number |
340.115 |
| Author Mark |
MUL |
| 245 00 - TITLE STATEMENT |
| Title |
Multicultural jurisprudence : |
| Remainder of title |
comparative perspectives on the cultural defense / |
| Statement of responsibility, etc. |
edited by Marie-Claire Foblets and Alison Dundes Renteln. |
| 260 ## - PUBLICATION, DISTRIBUTION, ETC. |
| Place of publication, distribution, etc. |
Oxford ; |
| -- |
Portland, Oregon : |
| Name of publisher, distributor, etc. |
Hart Publishing, |
| Date of publication, distribution, etc. |
2009. |
| 300 ## - PHYSICAL DESCRIPTION |
| Extent |
xiv, 378 p. ; |
| Dimensions |
24 cm. |
| 490 1# - SERIES STATEMENT |
| Series statement |
Oñati international series in law and society |
| 504 ## - BIBLIOGRAPHY, ETC. NOTE |
| Bibliography, etc. note |
Includes bibliographical references (p. [339]-366) and index. |
| 505 00 - FORMATTED CONTENTS NOTE |
| Formatted contents note |
Culture defence in English common law : the potential for development / Gordon R. Woodman -- Culture, crime, and culpability : perspectives on the defence of provocation / Kumaralingam Amirthalingam -- Use and abuse of the cultural defense / Alison Dundes Renteln -- Cultural defence in Spain / Barbara Truffin and César Arjona -- Visions of a multicultural criminal law : an Australian perspective / Simon Bronitt -- The paradox of cultural differences in Dutch criminal law / Mirjam Siesling and Jeroen Ten Voorde -- The cultural defence in criminal law : South African perspectives / Pieter A. Carstens -- Criminalising Romani culture through law / Joke Kusters -- Honor killings and the cultural defense in Germany / Sylvia Maier -- A critique of 'loss of face' arguments in cultural defense cases : a comparative study / Cher Weixia Chen -- The paradox of the cultural defence : gender and cultural othering in Canada / Maneesha Deckha -- Dealing with the ethnic other in criminal law practice : a case study from the Netherlands / Brenda Carina Oude Breuil -- Cultural defence and societal dynamics / Erik Claes and Jogchum Vrielink -- Anthropologist as expert witness : the case of a murder in Maine / John L. Caughey. |
| 650 #0 - SUBJECT ADDED ENTRY--TOPICAL TERM |
| Topical term or geographic name entry element |
Actions and defenses |
| General subdivision |
Sociological aspects. |
| 9 (RLIN) |
128436 |
| 650 #0 - SUBJECT ADDED ENTRY--TOPICAL TERM |
| Topical term or geographic name entry element |
Cultural defense (Law) |
| 9 (RLIN) |
128437 |
| 650 #0 - SUBJECT ADDED ENTRY--TOPICAL TERM |
| Topical term or geographic name entry element |
Law and globalization. |
| 9 (RLIN) |
94092 |
| 650 #0 - SUBJECT ADDED ENTRY--TOPICAL TERM |
| Topical term or geographic name entry element |
Sociological jurisprudence. |
| 9 (RLIN) |
128438 |
| 650 #0 - SUBJECT ADDED ENTRY--TOPICAL TERM |
| Topical term or geographic name entry element |
Multiculturalism |
| General subdivision |
Law and legislation. |
| 9 (RLIN) |
128439 |
| 650 #0 - SUBJECT ADDED ENTRY--TOPICAL TERM |
| Topical term or geographic name entry element |
Cultural pluralism. |
| 9 (RLIN) |
91131 |
| 650 #0 - SUBJECT ADDED ENTRY--TOPICAL TERM |
| Topical term or geographic name entry element |
Defense (Criminal procedure) |
| General subdivision |
Sociological aspects. |
| 9 (RLIN) |
128440 |
| 650 #0 - SUBJECT ADDED ENTRY--TOPICAL TERM |
| Topical term or geographic name entry element |
Defense (Civil procedure) |
| General subdivision |
Sociological aspects. |
| 9 (RLIN) |
128441 |
| 700 1# - ADDED ENTRY--PERSONAL NAME |
| Personal name |
Foblets, Marie-Claire, |
| Dates associated with a name |
1959- |
| 9 (RLIN) |
128442 |
| 700 1# - ADDED ENTRY--PERSONAL NAME |
| Personal name |
Renteln, Alison Dundes. |
| 9 (RLIN) |
128443 |
| 830 #0 - SERIES ADDED ENTRY--UNIFORM TITLE |
| Uniform title |
Oñati international series in law and society. |
| 9 (RLIN) |
128444 |
| 906 ## - LOCAL DATA ELEMENT F, LDF (RLIN) |
| a |
7 |
| b |
cbc |
| c |
pccadap |
| d |
2 |
| e |
ncip |
| f |
20 |
| g |
y-gencatlg |
| 942 ## - ADDED ENTRY ELEMENTS (KOHA) |
| Source of classification or shelving scheme |
|
| Koha item type |
Book |